Diccionario italiano-español y español-italiano

Uloženo v:
Podrobná bibliografie
Hlavní autor: Martínez Amador, Emilio María (autor)
Médium: Kniha
Jazyk:španělština
italština
Vydáno: Barcelona Sopena 1957
Témata:
Tagy: Přidat tag
Žádné tagy, Buďte první, kdo vytvoří štítek k tomuto záznamu!

MARC

LEADER 00000nam a2200000 a 4500
001 UCV8519
003 CL-VaPUC
008 910913e19570000SP |||||||||||||||||spa|d
041 0 7 |a spa  |2 CL-VaPUC 
041 0 7 |a ita  |2 CL-VaPUC 
082 0 4 |a 453.61  |b MAR  |2 21 
100 |a Martínez Amador, Emilio María  |e autor  |9 557086 
245 1 0 |a Diccionario italiano-español y español-italiano 
246 1 0 |a Dizinario italiano-spagnolo e spagnolo-italiano 
300 |a 2062 p 
942 |c BK 
945 |d 19910913 00:00:00 
260 |a Barcelona  |b Sopena  |c 1957 
650 7 |a DICCIONARIOS ITALIANO-ESPAÑOL  |2 CL-VaPUC  |9 264771 
650 7 |a DICCIONARIOS ESPAÑOL-ITALIANO  |2 CL-VaPUC  |9 264772 
583 |a last modification  |c 19910913 00:00:00  |k Rodrigo Vera 
999 |c 214024  |d 214022 
952 |0 0  |1 0  |4 0  |6 453_610000000000000_MAR_1957  |7 0  |8 F  |9 197015  |a BIBARQ  |b BIBARQ  |d 2019-11-14  |i 2647664  |o 453.61 MAR 1957  |p 2647664  |r 2025-01-20  |w 2019-11-14  |y BK_F  |k ARQ